Villes qui battent New York - Statistiques

Statistiques générales
  • Ce quiz a été pris 422 fois
  • Le résultat moyen est 6 sur 15
Statistiques - réponses
Rang Catégorie Villes % Correct
6 Aéroport le plus fréquenté au États-Unis Atlanta | Los Angeles | Chicago | Dallas | Denver
89%
2 Capitale de la mode Paris
73%
5 Plus de restaurants étoilés Michelin Tokyo | Paris | Kyoto | Osaka
70%
5 Plus peuplée sans être une capitale Canton | São Paulo | Shanghai | Mumbai
63%
2 Plus peuplée en Amérique São Paulo
63%
7 Plus de touristes étrangers Bangkok | Paris | Londres | Dubaï | Singapour | Kuala Lumpur
61%
3 Plus de rats aux États-Unis Chicago | Los Angeles
58%
2 Plus peuplée en 1900 Londres
41%
3 Plus de gratte-ciel Hong Kong | Shenzhen
40%
7 Coût de la vie le plus élevé Hong Kong | Zurich | Genève | Bâle | Berne | Tel Aviv
36%
3 Plus grand port aux États-Unis Louisiane du Sud | Houston
20%
5 Meilleure accessibilité des transports Los Angeles | San Francisco | Pékin | Chicago
18%
3 Plus peuplée en 7 lettre Jakarta | Le Caire
9%
3 Plus grand centre commercial en Amérique du Nord Minneapolis | Edmonton
4%
2 Plus de cafés Starbucks Séoul
3%
Aucun quiz correspondant
Distribution des résultats
% des personnes avec chaque résultat
Percentile par nombre de réponses
Votre historique - résultats
Vous n’avez pas pris ce quiz